000 00647nam a2200193 i 4500
001 146285
003 ES-MaACL
005 20230906201459.0
007 t|
008 070906s1926 sp ||||1| cat d
100 1 _aTorres Reyartó, Jacinto.
_9111008
245 1 0 _aPoesies /
_cJacinto Torres Reyartó.
260 _aBarcelona :
_b[s.n.],
_c1926 (
_fImp. La Renaixensa)
300 _a286 p. ;
_c21 cm.
500 _aProemi de d'Arthur Massiera.
505 8 _aContiene: La Seu de Barcelona. Poemets bíblics y heráoychs. Romanceret histáorich. De la terra. Sonets. Varia
700 1 _aMassiera, Arthur.
_978816
852 _aES-MaACL
_jF-4105
999 _c146285
_d146285